Lovecká vášeň : příběhy z beskydských a jiných revírů /

Hlavní autor: Sobotka, Richard, 1935-
Další autoři: Havlíček, Miloslav, 1933-
Jazyk: Čeština
Vydáno: [Líbeznice] : Víkend, 2009
Témata:
Externí odkaz: Digitalizovaný dokument
Fyzický popis: 142 s. : il. ; 20 cm
Knihy
Uloženo v:
LEADER 01472cam a2200409 a 4500
001 nkc20091961201
003 CZ PrNK
005 20100601151004.0
007 ta
008 090522s2009 xr a g 000 j cze d
015 |a cnb001961201 
020 |a 978-80-86891-99-6  |q (váz.) 
035 |a (OCoLC)641492546 
040 |a KLG001  |b cze  |d BOA001  |d ABA001 
072 7 |a 821.162.3-3  |x Česká próza  |2 Konspekt  |9 25 
080 |a 821.162.3-32  |2 MRF 
080 |a 639.1  |2 MRF 
080 |a 639.1.081  |2 MRF 
080 |a (0:82-32)  |2 MRF 
100 1 |a Sobotka, Richard,  |d 1935-  |7 jk01120270  |4 aut 
245 1 0 |a Lovecká vášeň :  |b příběhy z beskydských a jiných revírů /  |c Richard Sobotka ; [kresby Miloslav Havlíček] 
260 |a [Líbeznice] :  |b Víkend,  |c 2009 
300 |a 142 s. :  |b il. ;  |c 20 cm 
504 |a Obsahuje bibliografii 
650 0 7 |a myslivost  |7 ph115386  |2 czenas 
650 0 7 |a lovectví  |7 ph115182  |2 czenas 
650 0 9 |a game management  |2 eczenas 
650 0 9 |a hunting  |2 eczenas 
655 7 |a české příběhy  |7 fd133973  |2 czenas 
655 9 |a Czech stories  |2 eczenas 
700 1 |a Havlíček, Miloslav,  |d 1933-  |7 jo2003204261  |4 ill 
856 4 1 |u http://www.digitalniknihovna.cz/mzk/uuid/uuid:5827ee10-0abd-11ea-af21-005056827e52  |y Digitalizovaný dokument  |x NDK 
910 2 |a BOA001  |b 1-1237.872 
990 |a BK 
995 |a 01 
991 |b 201004 
996 6 |b 2610431821  |c 1-1237.872  |l MZK  |r Sklad / do 1 hodiny  |n 0  |p p.v.  |w 001117664  |u 000010  |a 1  |e BOA001  |j MZK50  |s P